Регионална библиотека "Любен Каравелов" - Русе

Явори и клони (Запис номер 111085)

MARC детайли
000 -Лидер
Контролно поле с фиксирана дължина 01717nam a2200385 c 4500
003 - Код на организацията, давaща контролен номер
Контролно поле BLK
005 - Дата и час на последна редакция
Контролно поле 20230401030254.0
008 - Елементи от данни с фиксирана дължина
fixed length control field 180409b bul|||||r ||||||| ||bul||
010 ## - Наследен системен номер
LC control number KNG00116419000
020 ## - Международен стандартен номер на книга ISBN
Международен стандартен номер на книга ISBN 954-9985-13-Х
-- издат.: Фигура
040 ## - Източник на каталожния запис
Идентификатор на билиотеката - собственик на записа BLK
041 ## - Код за език
Код за езика на текст/звукозапис или на отделно заглавие Български
Код за езика КДБФ Български
080 ## - УДК
Текстов определител УДК Българска литература
УДК код - определител по УДК 821.163.2
УДК определител (092)
УДК - код + определител 821.163.2(092)
080 ## - УДК
Текстов определител УДК Българска литература
УДК код - определител по УДК 821.163.2
УДК определител -1.09
УДК - код + определител 821.163.2-1.09
080 ## - УДК
Текстов определител УДК Български поет
УДК код - определител по УДК 929 Яворов, Пейо Крачолов
УДК определител
УДК - код + определител 929 Яворов, Пейо Крачолов
100 1# - Редна дума - Автор
Автор Камбуров, Димитър Костадинов
Авторска отговорност първи автор
R(LIN) 371128
139 ## - Редно поле
Редна дума Камбуров, Димитър Костадинов
Авторски знак Яво - Я 18
245 10 - Сведения за заглавието
Заглавие Явори и клони
Редно поле (дума) Димитър Костадинов Камбуров.
257 ## - Страна на издаване
Страна на създаване/издаване България
260 ## - Област на издателските данни
-- София
Име на издателя, разпространителя и проч. Фигура
Година на издаване 2003
Печатница София : ЕТ Емил Райков
300 ## - Физическа характеристика
Страници 442 с.
Размери/Мащаб 20 см
380 ## - Жанр
Жанр Литературознание
490 1# - СЕРИИ (Колекции)
Име на серия Поредица Опити
500 ## - Общи забележки
Забележка Офс. изд. - 300 тир. - На гърба на кор. сер. Поредица Опити Есета върху П. К. Яворов Цена : 6 лв.
650 #4 - Допълнително описание по предмет – тема
Основно описание – тема или топоним Поети, български - творчество
9 (RLIN) 250545
650 #4 - Допълнително описание по предмет – тема
Основно описание – тема или топоним Поезия, българска - теми, образи, сюжети
9 (RLIN) 242871
653 ## - Ключова дума – ненормативна
Ключова дума български поети
653 ## - Ключова дума – ненормативна
Ключова дума Пейо Яворов
852 ## - Местоположение
Форматна сигнатура Цб 221864
856 4# - Електронен адрес и достъп
Електронен формат pdf - файл
Път до файла /url/
856 4# - Електронен адрес и достъп
Електронен формат pdf - файл
Път до файла /url/
942 ## - АРТИКУЛИ
Вид на библиотечния материал Книги
Скрит в OPAC Не
Koha issues (borrowed), all copies 1
944 ## - СЪЗДАВАНЕ И РЕДАКЦИЯ на ЗАПИСА
Създаване/Редакция Създаване
Дата на регистрацията/редакция 18.11.2004
Служител, извършил регистрацията/редакцията Цветанка_Енчева
944 ## - СЪЗДАВАНЕ И РЕДАКЦИЯ на ЗАПИСА
Създаване/Редакция Редакция
Дата на регистрацията/редакция 21.03.2005
Служител, извършил регистрацията/редакцията
999 ## - СИСТЕМНИ КОНТРОЛНИ НОМЕРА
Koha biblionumber 111085
Koha biblioitemnumber 111085
Наличности
Код за отписване Код за изгубен артикул Код за повреда Коз за рестрикции Код за отдаване Артикулен № Име на библиотеката - собственик Име на библиотеката, в която се намира в момента Статус (Текущо местоположение) Дата на вписване в системата Местоположение - отдел Цена в лева Инвентарен номер Систематично азбучна сигнатура Баркод Номер на екземпляра Цена в евро Служебна бележка Служебен тип на артикула Източник на класификационната схема
  Не е изгубен Не е повреден без рестрикции ползва се в читалня 178467 Регионална библиотека "Любен Каравелов" Русе Регионална библиотека "Любен Каравелов" Русе Хранилище 2004-11-24 Хранилище 6.00 120000690459 Цб 221864 120000690459 1 3.07 Дост: Dp Вид: Д N: 8 Дата: 11.02.2004 Книги  
  Не е изгубен Не е повреден без рестрикции заемане за дома 178468 Регионална библиотека "Любен Каравелов" Русе Регионална библиотека "Любен Каравелов" Русе Заемна - подръчен фонд 2005-03-17 Заемна - подръчен фонд 6.00 120000692300 821.163.2.09(092)/Я 18 120000692300 2 3.07 Дост: Pk Вид: Ф N: 8900 Дата: 16.03.2005 Книги Universal Decimal Classification
Vip Innovations Ltd, Rousse, Bulgaria 2025